000 00357 a2200145 4500
999 _c6765
_d6765
020 _a079801279X
050 _aPL8842.8 MAG 1988
100 _aMagoro, C.M.
245 _aMuhumbulo wa vhutu /
_cC.M. Magoro
264 _aJohannesburg:
_bEducum;
_c1988
300 _a61p. ;
500 _aVenda
650 _aVenda Literature
942 _2lcc
_cBK
_h8842.8
_iMAG
_kPL